书目信息 |
| 题名: |
电子信息工程概论
|
|
| 作者: | 叶树江 , 刘海成 主编 | |
| 分册: | ||
| 出版信息: | 北京 中国电力出版社 2012.02 |
|
| 页数: | 210页 | |
| 开本: | 20cm | |
| 丛书名: | ||
| 单 册: | ||
| 中图分类: | G203-43 | |
| 科图分类: | ||
| 主题词: | 信息论 , 传播学 | |
| 电子资源: | ||
| ISBN: | 978-7-5123-2559-3 | |
| 000 | 00646nam0 2200217 45 | |
| 001 | 2035470248 | |
| 005 | 20200904095241.81 | |
| 010 | @a978-7-5123-2559-3@dRMB 24.00 | |
| 100 | @a20200904d2012 km y0chiy0120 ea | |
| 101 | 0 | @achi |
| 102 | @aCN | |
| 200 | 1 | @a电子信息工程概论@Adian zi xin xi gong cheng gai lun@f叶树江, 刘海成主编@Fye shu jiang,liu hai cheng zhu bian |
| 210 | @a北京@c中国电力出版社@d2012.02 | |
| 215 | @a210页@d20cm | |
| 606 | 0 | @a信息论 |
| 606 | 0 | @a传播学 |
| 690 | @aG203-43@v4 | |
| 701 | 0 | @a叶树江@Aye shu jiang@4主编 |
| 701 | 0 | @a刘海成@Aliu hai cheng@4主编 |
| 801 | 0 | @aCN@bPFT@c20200904 |
| 905 | @a10447@dG203-43@eY448 | |
| 电子信息工程概论/叶树江, 刘海成主编.-北京:中国电力出版社,2012.02 |
| 210页;20cm |
| ISBN 978-7-5123-2559-3:RMB 24.00 |
| ● |
| 相关链接 |
|
|
|
正题名:电子信息工程概论
索取号:G203-43/Y448
 
预约/预借
| 序号 | 登录号 | 条形码 | 馆藏地/架位号 | 状态 | 备注 |
| 1 | 1234874 | 212348743 | 社科库409/409社科库 57排2列3层/ [索取号:G203-43/Y448] | 在馆 |